000
00322nam a2200133Ia 4500
008
231019s9999 xx 000 0 und d
082
_a
954.9
_b
AKR-P
100
_a
Muhammad Akram
245
0
_a
Pakistan Studies
260
_a
Lahore, Pakistan
_b
Azeem Academy
_c
2018
300
_a
242
650
_a
Pak Studies
999
_c
34614
_d
34614